Le Rwanda pour les touristes... - Statistiques

Statistiques générales
  • Ce quiz a été pris 17 fois
  • Le résultat moyen est 14 sur 20
Statistiques - réponses
Question Indice Réponses % Correct
Quelles sont les langues officielles ? Anglais
100%
Quelles sont les langues officielles ? Français
100%
Quelles sont les langues officielles ? Kinyarwanda
94%
Quelles sont les langues officielles ? Swahili
94%
Quel pays a accordé son indépendance à celui-ci ? Belgique
88%
Le principal aéroport est K Kigali
88%
Ce pays est plus grand que la France (oui/non) Non
88%
Achats à faire 2/ Boisson chaude Café
81%
Quelles sont les principaux lieux touristiques ? K Lac {Kivu}
81%
Achats à faire 1/ Boisson chaude en feuilles Thé
81%
Quels est le climat local ? T Tropical
75%
Quel est le régime du pays ? République
69%
Dans la capitale quel est le décalage horaire avec Paris ? (+ ou - et chiffre) ex - 10 0
63%
Le suffixe internet est rw
63%
Quelle est la monnaie ? Franc rwandais
56%
La religion majoritaire est Christianisme
50%
Achats à faire 3/ Travail au fil Broderie
31%
Code sur les plaques minéralogiques RWA
31%
Quelles sont les principaux lieux touristiques ? I Village culturel d'{Iby'iwacu}
25%
S Parc national de {Volcanoes}
19%
Aucun quiz correspondant
Distribution des résultats
% des personnes avec chaque résultat
Percentile par nombre de réponses
Votre historique - résultats
Vous n’avez pas pris ce quiz